Ortsteile Emmerich am Rhein - Statistiken

Allgemein
  • Dieses Quiz wurde 9 mal gespielt
  • Das Durchschnittsergebnis liegt bei 8 aus 10
Antwortstatistiken
Antwort % Korrekt
Elten
100%
Altstadt
86%
Hüthum
86%
Leegmeer
86%
Praest
86%
Borghees
71%
Dornick
71%
Klein-Netterden
71%
Speelberg
71%
Vrasselt
71%
Keine übereinstimmenden Quizze gefunden
Verteilung der Resultate
Anzahl Personen mit jedem Resultat
Perzentil nach korrekt beantworteten Fragen
Ihre Resultats-Entwicklung
Sie haben dieses Quiz noch nicht gespielt